[Event "YUG-chT2"]
[Site "Yugoslavia"]
[Date "1994.??.??"]
[Round "8"]
[White "Laketic, Milica"]
[Black "Chilingirova, Pavlina"]
[Result "0-1"]
[WhiteElo "2085"]
[BlackElo "2305"]
[PlyCount "88"]
[EventDate "1994.??.??"]
[EventType "team"]
[EventRounds "11"]
[EventCountry "YUG"]
[SourceTitle "EXT 1997"]
[Source "ChessBase"]
[SourceDate "1996.11.15"]
[SourceVersion "1"]
[SourceVersionDate "1996.11.15"]
[SourceQuality "1"]

1. e4 c5 2. Nf3 d6 3. d4 Nf6 4. Nc3 cxd4 5. Nxd4 e6 6. Bc4 Be7 7. 0-0 0-0 8. Bb3 Na6 9. Re1 Nc5 10. Qf3 Nfd7 11. Qg3 Ne5 12. Bh6 Ng6 13. Be3 Bh4 14. Qf3 a6 15. Rad1 Qc7 16. Qe2 Nxb3 17. cxb3 b5 18. Rc1 Qd7 19. Red1 Bb7 20. f3 Bf6 21. Rc2 Ne7 22. Rcd2 Rfd8 23. Qf2 d5 24. Nc2 Qe8 25. Bb6 Rdc8 26. exd5 Bxd5 27. Ne3 Bxc3 28. bxc3 Rxc3 29. Bd4 Rc6 30. Qg3 Qf8 31. Bb2 Rac8 32. h4 f5 33. Rd4 Qf7 34. Qe5 Ng6 35. Qh2 Qa7 36. Nxd5 exd5 37. h5 Nf8 38. Kh1 Rc2 39. Ba1 Rc1 40. Rxd5 Qf7 41. Rd6 Qe8 42. Be5 Nd7 43. f4 R8c6 44. Qg3 Rxd1+ 0-1

[Event "YUG-ch (Women)"]
[Site "Kladovo"]
[Date "1990.??.??"]
[Round "?"]
[White "Laketic, Milica"]
[Black "Gostovic Bozovic, Miroslava"]
[Result "1-0"]
[WhiteElo "2105"]
[BlackElo "2100"]
[PlyCount "68"]
[EventDate "1990.??.??"]
[EventType "tourn"]
[EventRounds "15"]
[EventCountry "YUG"]
[SourceTitle "TD"]
[Source "ChessBase"]
[SourceDate "1994.03.01"]
[SourceVersion "1"]
[SourceVersionDate "1994.03.01"]
[SourceQuality "1"]

1. e4 c5 2. Nf3 g6 3. d4 cxd4 4. Nxd4 Nc6 5. Be3 Nf6 6. Nc3 Bg7 7. f3 0-0 8. Qd2 e5 9. Nb3 a5 10. a4 Nb4 11. Bb5 d5 12. Bc5 d4 13. Bxf8 Qxf8 14. Na2 Bh6 15. Qe2 Be3 16. Nxb4 Qxb4+ 17. Kf1 Be6 18. Qe1 Qe7 19. Nxa5 Nxe4 20. fxe4 Bg4 21. Qg3 Be6 22. Nc4 Bxc4+ 23. Bxc4 Qb4 24. b3 b5 25. Bxb5 Rc8 26. Bd3 Qd2 27. Qe1 Rxc2 28. Qxd2 Rxd2 29. Be2 d3 30. Bxd3 Rxd3 31. Ke2 Rxb3 32. Rhb1 Rc3 33. a5 Bd4 34. a6 Re3+ 1-0